South Eastern Kenya University

Library Online Public Access Catalogue


The great quotations. (Record no. 9291)

MARC details
000 -LEADER
fixed length control field 00304cam a2200109 4500
050 00 - LIBRARY OF CONGRESS CALL NUMBER
Classification Number PN 6081
Item Number .S4 1966
100 1# - MAIN ENTRY--Author
Personal name Seldes, George,
Dates associated with a name 1890-1995,
245 14 - TITLE
Title The great quotations.
Statement of responsibility, etc With an introd. by J. Donald Adams.
260 ## - PUBLICATION, DISTRIBUTION, ETC.(IMPRINT)
Place of publication, distribution, etc New York,
Name of publisher, distributor, etc L. Stuart
Date of publication, distribution, etc [c1966]
300 ## - PHYSICAL DESCRIPTION
Extent xi, 893 p.
942 ## - ADDED ENTRY ELEMENTS(KOHA)
Source of classification or shelving scheme Library of Congress Classification
Koha item type General circulation
Holdings
Source of classification or shelving scheme Not for loan Location (home branch) Sublocation (holding branch) Shelving location Date accessioned Full call number Barcode Nonpublic note Koha item type
Library of Congress Classification   SEKU - Machakos Campus Library SEKU - Machakos Campus Library   29/09/2015 PN 6081 .S4 1966 2015/008538 jm General circulation
Kitui, Kenya.
+254736116989
library@seku.ac.ke